Statistics for Marvel Contest of Champions: All Characters

Click here to take the quiz!

General Stats

  • This quiz has been taken 5,188 times
    (296 since last reset)
  • The average score is 133 of 234

Answer Stats

Answer% Correct
Hulk
97%
Iron Man (Infamous)
97%
Black Widow
95%
Black Widow (Claire Voyent)
95%
Black Widow (Deadly Origin)
95%
Hulk (Immortal)
95%
Hulk (Ragnarok)
95%
Thor
95%
Thor (Jane Foster)
95%
Thor (Ragnarok)
95%
Iron Man
94%
Captain America
93%
Captain America (Sam Wilson)
93%
Iron Man (Infinity War)
93%
Superior Iron Man
93%
Captain America (Infinity War)
91%
Captain America (WWII)
91%
Spider-Man 2099
91%
Spider-Man (Classic)
91%
Spider-Man (Miles Morales)
91%
Spider-Man (Stark Enhanced)
91%
Spider-Man (Stealth Suit)
91%
Spider-Man (Supreme)
91%
Spider-Man (Symbiote)
91%
Hawkeye
90%
Ant-Man
86%
Black Panther
86%
Black Panther (Civil War)
86%
Doctor Strange
86%
Old Man Logan
86%
Scarlet Witch
86%
Thanos
86%
Wolverine
86%
Wolverine (Weapon X)
86%
Wolverine (X-23)
86%
Loki
84%
Deadpool
83%
Deadpool (X-Force)
83%
Gamora
83%
Goldpool
83%
Groot
83%
Platinumpool
83%
Star-Lord
83%
Wasp
83%
Winter Soldier
83%
Captain Marvel
82%
Captain Marvel (Classic)
82%
War Machine
81%
Mister Fantastic
80%
Venom
80%
Magneto
79%
Magneto (House of X)
79%
Drax
78%
Falcon
78%
Human Torch
78%
Rocket Raccoon
78%
Vision
78%
Vision (Aarkus)
78%
Vision (Age of Ultron)
78%
Cyclops (Blue Team)
77%
Cyclops (New Xavier School)
77%
Invisible Woman
77%
Professor X
77%
Quicksilver
77%
Daredevil (Classic)
75%
Daredevil (Hell's Kitchen)
75%
Scarlet Witch (Classic)
75%
Odin
74%
Ghost
73%
Phoenix
73%
Thing
73%
Green Goblin
72%
Storm (Pyramid X)
72%
Beast
70%
Doctor Octopus
70%
Nick Fury
70%
Storm
70%
Ms. Marvel
69%
Ms. Marvel (Kamala Khan)
69%
She-Hulk
69%
Nebula
68%
Ultron
68%
Ultron (Classic)
68%
Iron Fist
67%
Iron Fist (Immortal)
67%
Abomination
66%
Abomination (Immortal)
66%
Moon Knight
65%
Cosmic Ghost Rider
64%
Doctor Doom
64%
Electro
64%
Luke Cage
64%
Colossus
63%
Ghost Rider
63%
Black Bolt
62%
Wong
62%
Elektra
61%
Iceman
61%
Red Hulk
61%
Silver Surfer
61%
Unstoppable Colossus
61%
Killmonger
60%
Red Skull
60%
Carnage
59%
Nightcrawler
58%
Punisher 2099
58%
Rogue
58%
Sabretooth
58%
Blade
57%
Kang the Conqueror
56%
Punisher
56%
Heimdall
55%
Hela
55%
Apocalypse
54%
Gambit
54%
Ronin
54%
Spider-Gwen
54%
Nova
53%
Havok
52%
Kingpin
52%
Namor
52%
Vulture
52%
Howard the Duck
51%
Yellowjacket
51%
Cable
50%
Mysterio
50%
Rhino
50%
Toad
50%
Archangel
49%
Galan
49%
Dormammu
48%
Gwenpool
48%
Juggernaut
48%
Korg
48%
Medusa
48%
Mordo
48%
Ronan
48%
Shang-Chi
48%
Valkyrie
48%
Captain Britain
47%
Emma Frost
47%
Ikaris
47%
Iron Patriot
47%
M.O.D.O.K.
47%
Ebony Maw
46%
Red Guardian
46%
Bishop
45%
Hercules
45%
Kitty Pryde
45%
Sersi
44%
Jubilee
43%
Psylocke
43%
America Chavez
42%
Domino
42%
Guillotine 2099
42%
Man-Thing
42%
Proxima Midnight
42%
Spot
42%
Taskmaster
42%
Yondu
42%
Agent Venom
41%
Black Cat
40%
Mister Sinister
40%
Spider-Ham
40%
Venompool
40%
Guillotine
39%
Magik
39%
Mephisto
39%
Scorpion
39%
Sunspot
39%
Venom the Duck
39%
Corvus Glaive
38%
Crossbones
38%
Hulkbuster
38%
Doctor Voodoo
37%
Quake
37%
Ægon
36%
Cull Obsidian
36%
Elsa Bloodstone
36%
Hyperion
36%
Kraven
36%
Sentry
36%
Tigra
36%
Gorr
35%
Squirrel Girl
35%
Angela
34%
Annihilus
34%
Karnak
34%
Omega Red
34%
The Hood
34%
Air-Walker
33%
Anti-Venom
33%
Guardian
33%
Hit-Monkey
33%
Hulkling
33%
King Groot
33%
Mister Negative
33%
Sentinel
33%
Sorcerer Supreme
33%
Super-Skrull
33%
Peni Parker
32%
Wiccan
32%
Dragon Man
31%
Red Goblin
31%
Terrax
31%
Warlock
31%
Darkhawk
30%
Joe Fixit
30%
Knull
30%
Longshot
30%
Mojo
30%
Night Thrasher
30%
Stryfe
30%
Symbiote Supreme
30%
The Champion
30%
The Overseer
30%
Void
30%
Civil Warrior
29%
Diablo
29%
Misty Knight
29%
Mole Man
28%
Sasquatch
28%
Mangog
27%
Masacre
27%
Morningstar
27%
Nimrod
27%
Sauron
27%
Jabari Panther
26%
Omega Sentinel
26%
Purgatory
25%
Titania
25%
Psycho-Man
24%
Rintrah
23%
Silver Centurion
21%

Score Distribution

Percentile by Number Answered

Percent of People with Each Score

Your Score History

You have not taken this quiz since the last reset